ICCA Finalists - Statistics

General Stats
  • This quiz has been taken 30 times
    13 since last reset
  • The average score is 124 of 187
Answer Stats
Year Region Answer Type School Place % Correct
2017 Wild Card Amazin' Blue Mixed Michigan 4th
100%
1998 Northeast Amazin' Blue Mixed Michigan
100%
2019 South BisCaydence Mixed University of Miami 2nd
100%
2002 Midwest Compulsive Lyres Mixed Michigan 1st
100%
2016 Northwest Divisi Women Oregon
100%
2010 Wild Card Divisi Women Oregon
100%
2005 West Divisi Women Oregon 2nd
100%
2021 Wild Card Faux Paz Mixed Maryland 1st
100%
2016 Mid-Atlantic Faux Paz Mixed Maryland 3rd
100%
2015 Mid-Atlantic Faux Paz Mixed Maryland
100%
2002 South Faux Paz Mixed Maryland
100%
2021 Great Lakes Fundamentally Sound Men Wisconsin 3rd
100%
2022 Northeast Harvard Opportunes Mixed Harvard 3rd
100%
2013 Midwest No Comment Mixed Illinois
100%
2019 Wild Card Pitch, Please! Women Northeastern
100%
2022 West ScatterTones Mixed UCLA 2nd
100%
2019 West ScatterTones Mixed UCLA 3rd
100%
2017 Southwest ScatterTones Mixed UCLA 3rd
100%
2014 West ScatterTones Mixed UCLA 2nd
100%
2013 West ScatterTones Mixed UCLA 2nd
100%
2012 West ScatterTones Mixed UCLA 2nd
100%
2005 Midwest Straight No Chaser Men Indiana 4th
100%
1998 Midwest Straight No Chaser Men Indiana 2nd
100%
2018 Midwest The Beartones Men Missouri State
100%
2009 Midwest The Beartones Men Missouri State 3rd
100%
2019 Great Lakes The Michigan G-Men Men Michigan
100%
2015 Great Lakes The Michigan G-Men Men Michigan 3rd
100%
2014 Great Lakes The Michigan G-Men Men Michigan
100%
2013 Great Lakes The Michigan G-Men Men Michigan
100%
2017 Northeast The Nor'easters Mixed Northeastern 1st
100%
2015 Wild Card The Nor'easters Mixed Northeastern
100%
2013 Northeast The Nor'easters Mixed Northeastern 1st
100%
2019 Northeast The NYU N'Harmonics Mixed NYU 1st
100%
2014 Mid-Atlantic The NYU N'Harmonics Mixed NYU
100%
2008 Northeast The NYU N'Harmonics Mixed NYU 3rd
100%
2022 Midwest The Ohio State of Mind Mixed Ohio State
100%
2017 Midwest The Ohio State of Mind Mixed Ohio State
100%
2018 Central The Potsdam Pitches Mixed SUNY Potsdam
100%
2021 Wild Card The Ransom Notes Mixed University of Chicago
100%
2018 West The SoCal VoCals Mixed USC 1st
100%
2015 West The SoCal VoCals Mixed USC 1st
100%
2012 Wild Card The SoCal VoCals Mixed USC 1st
100%
2010 West The SoCal VoCals Mixed USC 1st
100%
2008 West The SoCal VoCals Mixed USC 1st
100%
2022 Wild Card Voices in Your Head Mixed University of Chicago
100%
2018 Great Lakes Voices In Your Head Mixed University of Chicago 3rd
100%
2017 Great Lakes Voices In Your Head Mixed University of Chicago 2nd
100%
2015 Midwest Voices In Your Head Mixed University of Chicago 2nd
100%
2012 Midwest Voices In Your Head Mixed University of Chicago 4th
100%
2011 South AcaBelles Women Florida State
80%
2009 South AcaBelles Women Florida State
80%
2018 South All-Night Yahtzee Mixed Florida State
80%
2016 Wild Card All-Night Yahtzee Mixed Florida State
80%
2008 South All-Night Yahtzee Mixed Florida State 2nd
80%
2007 South All-Night Yahtzee Mixed Florida State
80%
2006 South All-Night Yahtzee Mixed Florida State
80%
2019 United Kingdom Aquapella Mixed University of Bath
80%
2017 United Kingdom Aquapella Mixed University of Bath
80%
2021 Central Buffalo Chips Men Buffalo
80%
2011 Mid-Atlantic Buffalo Chips Men Buffalo
80%
2010 Mid-Atlantic Buffalo Chips Men Buffalo
80%
2011 West BYU Vocal Point Men BYU 2nd
80%
2006 West BYU Vocal Point Men BYU 1st
80%
2013 Mid-Atlantic Chordials Mixed Cornell 3rd
80%
2004 Northeast Chordials Mixed Cornell 3rd
80%
2017 Northwest Furmata Mixed Washington
80%
2016 Great Lakes Gold Vibrations Mixed Oakland
80%
2011 Wild Card Melodores Men Vanderbilt 3rd
80%
2012 Mid-Atlantic Pennharmonics Mixed Penn State
80%
2003 Midwest Pennharmonics Mixed Penn State
80%
2022 Great Lakes Pitches & Notes Women Wisconsin 1st
80%
2020 South Pitchmen Men Belmont
80%
2014 Northeast Pitch Slapped Mixed Berklee College of Music 1st
80%
2011 Northeast Pitch Slapped Mixed Berklee College of Music 1st
80%
2010 Northeast Pitch Slapped Mixed Berklee College of Music 2nd
80%
2022 South Prismatics Mixed Belmont
80%
2021 South Prismatics Mixed Belmont
80%
2010 Midwest Purple Haze Mixed Northwestern
80%
2008 Midwest Purple Haze Mixed Northwestern
80%
2002 New England Skidmore Dynamics Mixed Skidmore College
80%
2006 Midwest The Other Guys Men Illinois 3rd
80%
2000 Midwest The Other Guys Men Illinois 2nd
80%
1996 Midwest The Other Guys Men Illinois 3rd
80%
2017 Central The Water Boys Men University of Waterloo
80%
2000 West UC Men's Octet Men UC Berkeley 1st
80%
1998 West UC Men's Octet Men UC Berkeley 1st
80%
2014 South UD Vocal Point Mixed Delaware 3rd
80%
2021 Northeast Upper Structure Mixed Berklee College of Music 2nd
80%
2018 Northeast Upper Structure Mixed Berklee College of Music 2nd
80%
2015 Northeast Vassar Devils Mixed Vassar College
80%
2022 Mid-Atlantic Villanova Supernovas Mixed Villanova
80%
2015 United Kingdom All the King's Men Men King's College London
60%
2014 International All the King's Men Men King's College London
60%
2012 United Kingdom All the King's Men Men King's College London 3rd
60%
2011 United Kingdom Cadenza Mixed University of Cambridge
60%
2006 New England Chorallaries Mixed MIT
60%
1996 New England Chorallaries Mixed MIT
60%
2019 Southwest HardChord DynaMix Mixed Texas A&M
60%
2009 Mid-Atlantic Ithacappella Men Ithaca College
60%
2008 Mid-Atlantic Ithacappella Men Ithaca College
60%
2016 Midwest Mosaic Whispers Mixed Washington University in St. Louis
60%
2021 West Resonance Mixed UCLA
60%
2017 South The Beltones Mixed Belmont
60%
2014 Wild Card The Beltones Mixed Belmont 4th
60%
2013 Wild Card The Beltones Mixed Belmont
60%
2022 Central The Class Notes Mixed Cornell
60%
2016 United Kingdom The Techtonics Men Imperial College London 1st
60%
2015 South VirtuOSO Mixed Baylor 4th
60%
2016 South Voicebox Mixed UCF 4th
60%
1998 South Academical Village People Mixed Virginia 3rd
40%
2012 South Accidentals Men Georgia
40%
2010 South Accidentals Men Georgia 3rd
40%
2005 South Achordants Men North Carolina
40%
2000 Mid-Atlantic AllNighters Men Johns Hopkins
40%
2014 Midwest Bare Naked Statues Men Saint Louis
40%
2007 Northeast Binghamton Crosbys Men Binghamton
40%
2003 Mid-Atlantic Binghamton Crosbys Men Binghamton 1st
40%
2001 Mid-Atlantic Binghamton Crosbys Men Binghamton
40%
1998 Mid-Atlantic Binghamton Crosbys Men Binghamton
40%
2016 Northeast BosTones Mixed Boston University
40%
1997 Northeast Brown Derbies Men Brown
40%
2007 West BYU Noteworthy Women BYU 1st
40%
2001 Midwest Chapter 6 Men Millikin University 1st
40%
1998 New England Chattertocks Women Brown
40%
2007 Mid-Atlantic Deep Treble Mixed Rutgers
40%
2001 Northeast Deep Treble Mixed Rutgers 4th
40%
2001 South DoubleTake Mixed William & Mary
40%
2000 South DoubleTake Mixed William & Mary
40%
2009 Northeast Duke's Men Men Yale 4th
40%
2005 New England Duke's Men Men Yale
40%
1996 Northeast Duke's Men Men Yale 2nd
40%
2006 Northeast Effusion Mixed McGill University
40%
2004 New England Effusion Mixed McGill University
40%
2009 West Fermata Nowhere Men Mt. San Antonio College 1st
40%
2004 West Fermata Nowhere Men Mt. San Antonio College 2nd
40%
2007 Western Europe Gargoyles Mixed University of Oxford
40%
2001 West Golden Overtones Women UC Berkeley 2nd
40%
2003 South Grains of Time Men NC State
40%
2000 Northeast Harvard Callbacks Mixed Harvard 3rd
40%
2004 South Juxtaposition Men Virginia Tech
40%
2002 Mid-Atlantic Last Call Men Cornell 2nd
40%
1997 South Loreleis Women North Carolina
40%
1996 Mason-Dixon Loreleis Women North Carolina 1st
40%
2004 Mid-Atlantic Mandarins Women Syracuse
40%
2009 South Africa Marjolein Women University of the Free State
40%
2005 Mid-Atlantic Midnight Ramblers Men University of Rochester 3rd
40%
2022 Southwest Noteworthy Women BYU 4th
40%
2004 Midwest OneVoice Mixed Millikin University 1st
40%
2003 West On the Rocks Men Oregon 2nd
40%
2002 West On the Rocks Men Oregon 3rd
40%
2018 Mid-Atlantic OwlCappella Mixed Temple
40%
2009 United Kingdom Oxford Out of the Blue Men University of Oxford 2nd
40%
2008 Western Europe Oxford Out of the Blue Men University of Oxford
40%
2006 Western Europe Oxford Out of the Blue Men University of Oxford 2nd
40%
2013 South Reverb Men Florida State 4th
40%
2006 West Reverse Osmosis Mixed USC
40%
2018 Southwest RISE Mixed UT Arlington 4th
40%
2007 Midwest Rocktavo Men Nebraska 2nd
40%
2019 Midwest Sedoctave Mixed Ball State
40%
2006 Mid-Atlantic ShockWave Women Rutgers
40%
2013 International Sons of Pitches Men University of Birmingham
40%
2016 Southwest SoundCheck Mixed Chapman University
40%
2002 Northeast Terpsichore Women Boston University
40%
1997 New England Terpsichore Women Boston University
40%
2018 Wild Card The After School Specials! Mixed Claremont Colleges
40%
2021 United Kingdom The Bristol Suspensions Mixed University of Bristol
40%
2022 United Kingdom The Conchords Mixed Guildhall School of Music & Drama
40%
2020 United Kingdom The Conchords Mixed Guildhall School of Music & Drama
40%
2005 Northeast The Dear Abbeys Men Boston University 1st
40%
2003 New England The Maine Steiners Men Maine 3rd
40%
2019 Central The Originals Men Carnegie Mellon 4th
40%
2016 Central The Originals Men Carnegie Mellon 2nd
40%
2021 Mid-Atlantic The Ramifications Mixed VCU
40%
2018 United Kingdom The Rolling Tones Women King's College London
40%
2011 Midwest The Stereotypes Men Washington University in St. Louis 4th
40%
2019 Mid-Atlantic The Trills Mixed Towson
40%
2017 Mid-Atlantic The Trills Mixed Towson
40%
2021 Midwest Unexpected Resolution Men Ball State
40%
2001 New England VoiceMale Men Brandeis University 3rd
40%
2012 Northeast Yale Out of the Blue Mixed Yale
40%
2007 New England Zumbyes Men Amherst College 3rd
40%
2003 Northeast Zumbyes Men Amherst College
40%
1997 Mid-Atlantic Counterparts Mixed Penn
20%
1996 West Fleet Street Singers Men Stanford
20%
1997 Midwest No Strings Attached Mixed Illinois 2nd
20%
2000 New England Spur of the Moment Mixed Brandeis University
20%
1997 West Talisman Mixed Stanford 1st
20%
No matching quizzes found
Score Distribution
Percent of People with Each Score
Percentile by Number Answered
Your Score History
You have not taken this quiz since the last reset